000 00336nam a22001217a 4500
008 160323b xxu||||| |||| 00| 0 eng d
020 _a0415358108
082 _a307.121609 41 CUL
100 _aCULLINGWORTH Barry & NADIN Vincet
245 _aTown and Country Planning in the UK
250 _a14th ed.
260 _aLondon:
_bRoutledge,
_c2006
999 _c4089
_d4089